000 00717nam a2200241Ia 4500
003 OSt
005 20220926015305.0
006 a|||||r|||| 00| 0
007 ta
008 220923b |||||||| |||| 00| 0 eng d
020 _a0195124588; 0195124596
037 _cGeneral Book
040 _aRTL
_cRTL
_beng
041 _2eng
_aeng
082 _aX:77.1N98r, N8 /UN
110 _aUNITED NATIONS DEVELOPMENT PROGRAMME
_929056
245 0 _aHuman development report 1998
260 _aNew York
_bOxford University Press
_c1998
300 _axii, 228p
_ccm.
700 _aUNITED NATIONS DEVELOPMENT PROGRAMME
_929057
942 _hX:77.1N98r, N8 /UN
_cGB
_2CC
999 _c630981
_d630981